LEADER 01092nam a2200229 i 4500 001 000000235019 003 CaOOAMICUS 005 20141027000000.0 008 141027s1899 it u000 u ger u 013 $a213922 040 $aSeMil$bita 100 1 $aWeis-Liebersdorf, Johannes Evangelista.$0(OLS)http://semarc/name/80447 245 10$aChristenverfolgungen :$bGeschichte ihrer Ursachen im Römerreiche /$cvon J. E. Weis. 260 $aMünchen :$bLentner,$c1899. 300 $aXII, 179 p. ;$c21 cm. 490 0 $aVeröffentlichungen aus dem Kirchenhistorischen Seminar, München ;$v2 650 4$aCristiani - Persecuzioni - Età antica.$0(OLS)http://semarc/subject/2415 830 0$aVeröffentlichungen aus dem Kirchenhistorischen Seminar, München ;$v2.$0(OLS)http://semarc/title/28477 850 $aSeMil 852 $aSeMil$W1$xVenegono$y1$m3B II 115 FA$j185365$B185365$CSeMilBibl$Z2$F196245 $8I 996 $6245$aChristenverfolgungen :$bGeschichte ihrer Ursachen im Römerreiche$9(OLS)http://semarc/title/335198 996 $6260$aMünchen :$bLentner$9(OLS)http://semarc/publisher/35533 LEADER 01297nam a2200301 i 4500 001 000000077141 003 CaOOAMICUS 005 20251015140516.0 008 100827s1998 it u000 u ita u 013 $a48313 020 $a88-459-1358-9 040 $aSeMil$bita 100 1 $aNietzsche, Friedrich,$d<1844-1900>.$0(OLS)http://semarc/name/1250 245 10$aScritti giovanili 1856-1864 /$cFriedrich Nietzsche ; versione di Mario Carpitella ; notizie e note di Giuliano Campioni e Mario Carpitella. 260 $aMilano :$bAdelphi,$c1998. 300 $a574 p. ;$c21 cm. 490 0 $aClassici ;$v65 700 1 $aCampioni, Giuliano,$d<1945- >.$0(OLS)http://semarc/name/37947 700 1 $aCarpitella, Mario,$d<1930-2008>.$0(OLS)http://semarc/name/726 830 0$aClassici ;$v65.$0(OLS)http://semarc/title/7072 830 0$aOpere di Friedrich Nietzsche ;$v1a.$0(OLS)http://semarc/title/456160 850 $aSeMil 852 $aSeMil$W1$xVenegono$y1$m2OA II 1/A$j211860$B43293$CSeMilBibl$Z2$F43515 $81 961 $aSottoscrizione: Adelphi 996 $6020$a88-459-1358-9$9(OLS)http://semarc/number/58607 996 $6245$aScritti giovanili 1856-1864$9(OLS)http://semarc/title/125221 996 $6260$aMilano :$bAdelphi$9(OLS)http://semarc/publisher/30018